书目信息 |
| 书名: | Maternal-newborn & child nursing | |
| 作者: | Marcia L. London ... [et al.]. | |
| 分册号: | ||
| 分册名: | 出版地: | Upper Saddle River, N.J. : |
|
| 出版社: | Prentice Hall | |
| 出版时间: | c2003. | |
| 页数: | xlvi, 1506 p. : | |
| 开本: | 29 cm. + | |
| 丛书名: | ||
| 中图分类号: | ||
| 科图分类号: | ||
| 其他分类号: | R714 | |
| 主题词: | ||
| 电子资源: | ||
| 000 | 01072nam a2200337 a 4500 | |
| 001 | E0731201234 | |
| 003 | CAL | |
| 005 | 20070714084129.57 | |
| 008 | 020530s2003 njua b 001 0 eng | |
| 010 | @a 2002074823 | |
| 020 | @a0130994065. | |
| 035 | @afdu09079926 | |
| 040 | @aDLC@cDLC@dDLC | |
| 042 | @apcc | |
| 050 | 00 | @aRG951@b.M3145 2003 |
| 082 | 00 | @a610.73/678@221 |
| 090 | @aR714 | |
| 093 | @aR714@24 | |
| 099 | @dR714@ex85 | |
| 245 | 00 | @aMaternal-newborn & child nursing :@bfamily-centered care / @cMarcia L. London ... [et al.]. |
| 246 | 3 | @aMaternal newborn and child nursing |
| 260 | @aUpper Saddle River, N.J. :@bPrentice Hall,@cc2003. | |
| 300 | @axlvi, 1506 p. :@bill. ;@c29 cm. +@e1 CD-ROM (4 3/4 in.). | |
| 500 | @aIncludes bibliographical references and index. | |
| 538 | @aSystem requirements for accompanying computer disc: For Windows 98 or newer and Power Macintosh. | |
| 650 | 0 | @aPediatric nursing. |
| 650 | 0 | @aMaternity nursing. |
| 700 | 1 | @aLondon, Marcia L. |
| 920 | @a231010@z2 | |
| 920 | @a233020@z2 | |
| 998 | @aFDU | |
| Maternal-newborn & child nursing : : family-centered care / / Marcia L. London ... [et al.].-Upper Saddle River, N.J. : : Prentice Hall, , c2003. |
| xlvi, 1506 p. : : ill. ; ; 29 cm. + + 1 CD-ROM (4 3/4 in.). |
| Includes bibliographical references and index.-System requirements for accompanying computer disc: For Windows 98 or newer and Power Macintosh. |
| ISBN 0130994065. |
| ● |
| 相关链接 |
|
|
|
|
正题名:Maternal-newborn & child nursing
索取号:R714/x85
 
预约/预借
| 序号 | 登录号 | 条形码 | 馆藏地/架位号 | 状态 | 备注 |
| 1 | 0013140 | 300131408 | 第二样本阅览室/ [索取号:R714/x85] | 在馆 |